LEADER 00909nam a2200265 i 4500 001 991000374869707536 005 20020506125753.0 008 000908s1963 it ||| | ita 035 $ab10691169-39ule_inst 035 $aEXGIL144454$9ExL 040 $aBiblioteca Interfacoltà$bita 082 0 $a155.5 100 1 $aLacroix, Jean$053449 245 10$aTimidezza e adolescenza /$cJean Lacroix ; traduzione di Agostino Bozzo 260 $aTorino :$bSEI,$c1963 300 $aXIV, 156 p. 490 0 $aPsicologia e vita ;$v3 650 4$aAdolescenti$xPsicologia 700 1 $aBozzo, Agostino 907 $a.b10691169$b23-02-17$c28-06-02 912 $a991000374869707536 945 $aLE002 Ps. II M 3$g1$i2002000557599$lle002$o-$pE0.00$q-$rl$s- $t0$u0$v0$w0$x0$y.i10785292$z28-06-02 996 $aTimidezza e adolescenza$9600277 997 $aUNISALENTO 998 $ale002$b01-01-00$cm$da $e-$fita$git $h0$i1 LEADER 02374oas 2200937 a 450 001 9910144192003321 005 20250922213015.0 011 $a1555-614X 035 $a(DE-599)ZDB2247059-1 035 $a(OCoLC)606561127 035 $a(CONSER) 2020204566 035 $a(CKB)1000000000221612 035 $a(EXLCZ)991000000000221612 100 $a20100411a20009999 uy 101 0 $aeng 135 $aurbn||||||abp 135 $aurbn||||||ada 181 $ctxt$2rdacontent 182 $cc$2rdamedia 183 $acr$2rdacarrier 200 10$aPolymer science$hSeries C 210 $aMoscow $cMAIK Nauka/Interperiodica Pub.$d2000- 210 3 $aBerlin$cSpringer Nature 215 $a1 online resource 215 $avolumes $cillustrations ;$d28 cm 300 $aRefereed/Peer-reviewed 311 08$a1811-2382 606 $aPolymers$vPeriodicals 606 $aPolymerization$vPeriodicals 606 $aPolyme?res$vPe?riodiques 606 $aPolyme?risation$vPe?riodiques 606 $aPolymerization$2fast$3(OCoLC)fst01070576 606 $aPolymers$2fast$3(OCoLC)fst01070588 606 $aChemistry$2galestne 606 $aOrganic chemistry$2galestne 606 $aPolímers$2thub 606 $aPolimerització$2thub 608 $aPeriodicals.$2fast 608 $aPeriodicals.$2lcgft 608 $aRevistes electròniques.$2thub 615 0$aPolymers 615 0$aPolymerization 615 6$aPolyme?res 615 6$aPolyme?risation 615 7$aPolymerization. 615 7$aPolymers. 615 7$aChemistry. 615 7$aOrganic chemistry. 615 7$aPolímers. 615 7$aPolimerització. 676 $a547.7 712 02$aRossii?skai?a? akademii?a? nauk, 801 0$bOCLCE 801 1$bOCLCE 801 2$bOCLCQ 801 2$bOCLCF 801 2$bOCLCO 801 2$bOCLCQ 801 2$bJNA 801 2$bOCLCS 801 2$bVPI 801 2$bCCT 801 2$bOCLCO 801 2$bOCLCQ 801 2$bZ5A 801 2$bVT2 801 2$bOCLCA 801 2$bAU@ 801 2$bOCLCQ 801 2$bWURST 801 2$bDLC 801 2$bUBY 801 2$bOCLCQ 801 2$bUAB 801 2$bU3W 801 2$bSXB 801 2$bOCLCL 906 $aJOURNAL 912 $a9910144192003321 996 $aPolymer science$9122018 997 $aUNINA